Statistiques concernant Arrêts des métros, tramways et funiculaires de Lyon (TCL)

Cliquez ici pour prendre le quiz!

Statistiques générales

  • Ce quiz a été pris 152 fois
  • Le résultat moyen est 65 sur 179

Statistiques - réponses

Réponse% Correct
Perrache
90%
Bellecour
85%
Gare de Vaise
76%
Saxe - Gambetta
76%
Charpennes - Charles Hernu
72%
Foch
72%
Gare de Vénissieux
71%
Cordeliers
69%
Hôtel de Ville Louis Pradel
67%
Jean Macé
67%
Vieux Lyon - Cathédrale Saint-Jean
67%
Grange Blanche
66%
Masséna
66%
Vaulx-en-Velin La Soie
66%
Croix-Rousse
64%
Ampère Victor Hugo
63%
Gare d'Oullins
62%
Debourg
60%
Garibaldi
59%
Gorge de Loup
59%
Gare Part-Dieu Vivier Merle
57%
Parilly
57%
Sans Souci
56%
Brotteaux
55%
Gratte Ciel
55%
Laurent Bonnevay
54%
Vieux Lyon
54%
Cuire
53%
Flachet
53%
Valmy
52%
Fourvière
51%
Mermoz - Pinel
50%
Laënnec
49%
Cusset
48%
Place Guichard
48%
Guillotière Gabriel Péri
46%
Monplaisir Lumière
46%
Essarts - Laënnec
43%
Croix-Paquet
42%
Hénon
42%
République Villeurbanne
42%
La Doua - Gaston Berger
41%
Oullins Centre
41%
Place Jean Jaurès
40%
Musée des Confluences
39%
Saint-Just
39%
Jet d'Eau - Mendès France
38%
Gare Part-Dieu Villette
37%
Hôtel de Région Montrochet
37%
Gare de Villeurbanne
35%
Place des Archives
35%
Décines Centre
34%
Sainte-Blandine
34%
Dauphiné - Lacassagne
33%
Décines Grand Large
33%
Halle Tony Garnier
33%
IUT Feyssine
33%
Saint-Priest Bel Air
33%
Stade de Gerland Le LOU
33%
Meyzieu Z.I.
32%
Le Tonkin
31%
Parilly - Université
31%
Europe - Université
30%
Reconnaissance - Balzac
30%
Hôtel de Région Montrochet
29%
Meyzieu les Panettes
29%
Thiers - Lafayette
29%
Archives Départementales
28%
Meyzieu Gare
28%
Collège Bellecombe
27%
Rue de l'Université
27%
Bel Air - Les Brosses
26%
ENS Lyon
26%
Hôpital Feyzin Vénissieux
26%
Quai Claude Bernard
25%
Bachut - Mairie du 8ème
24%
Centre Berthelot
24%
Condorcet
24%
Liberté
24%
Lycée Colbert
24%
Route de Vienne
24%
Université Lyon 1
24%
INSA - Einstein
23%
Manufacture Montluc
23%
Saint-André
23%
Lycée Lumière
22%
Mermoz - Californie
22%
Part-Dieu Auditorium
22%
Ambroise Paré
21%
Desgenettes
21%
Garibaldi - Berthelot
21%
Villon
21%
Beauvisage CISL
20%
Beauvisage - Pressensé
20%
Bron Hôtel de Ville
20%
États-Unis Viviani
20%
Grange Rouge - Santy
20%
Moulin à Vent
20%
Porte des Alpes
20%
Saint-Genis-Laval Hôpital Lyon Sud
20%
Saxe - Préfecture
20%
Croix-Luizet
19%
Jean XXIII - Maryse Bastié
19%
La Borelle
19%
Parc du Chêne
19%
Darnaise
18%
Hôpitaux Est - Pinel
18%
Les Alizés
18%
Lycée Jacques Brel
18%
Palais de Justice - Mairie du 3ème
18%
Vinatier
18%
Minimes Théâtres Romains
17%
Petite Guille
17%
Mermoz - Moselle
16%
Décines OL Vallée
15%
Essarts - Iris
15%
États-Unis Tony Garnier
15%
Joliot Curie - Marcel Sembat
15%
Lénine - Corsière
15%
Maurice Thorez
15%
Rebufer
15%
Boutasse - Camille Rousset
14%
Lycée Jean-Paul Sartre
14%
Croizat - Paul Bert
13%
Esplanade des Arts
13%
Herriot - Cagne
12%
Salvador Allende
12%
Challemel Lacour - Artillerie
11%
Cordière
11%
Division Leclerc
11%
Marcel Houël Hôtel de Ville
11%
Parc Technologique
11%
Saint-Priest Hôtel de Ville
11%
Venissy Frida Kahlo
11%
Alfred de Vigny
10%
De Tassigny - Curial
10%
Hauts de Feuilly
9%
Eurexpo Entrée Principale
8%
Saint-Priest Jules Ferry
7%

Distribution des résultats

Percentile par nombre de réponses

% des personnes avec chaque résultat

Votre développement - résultats

Vous n’avez pas pris ce quiz